Teólogos de la liberación hablan sobre la mujer /

Spremljeno u:
Bibliografski detalji
Glavni autor: Boff, Leonardo
Daljnji autori: Gutiérrez, Gustavo Bonino Míguez, José Santa Ana, Julio de Richard, Pablo Betto, Frei Dussel, Enrique Alves, Rubén Pixley, Jorge Assmann, Hugo Segundo, Juan Luis Gebara, Ivone Mesters, Carlos Bingemer, María Clara Schwantes, M
Format: Tekst
Izdano: San José: DEI
Oznake: Dodaj oznaku
Bez oznaka, Budi prvi tko označuje ovaj zapis!

MARC

LEADER 00000 a a2200000 04500
001 23028
003
040
020 |a 9977-904-34-0  
090 |a 158700  
100 |a Boff, Leonardo  
245 |a Teólogos de la liberación hablan sobre la mujer /  |c Leonardo Boff 
260 |a San José:   |b DEI  
300 |a 183 p.  
700 |a Gutiérrez, Gustavo   |a Bonino Míguez, José   |a Santa Ana, Julio de   |a Richard, Pablo   |a Betto, Frei   |a Dussel, Enrique   |a Alves, Rubén   |a Pixley, Jorge   |a Assmann, Hugo   |a Segundo, Juan Luis   |a Gebara, Ivone   |a Mesters, Carlos   |a Bingemer, María Clara   |a Schwantes, M  
999 |c 2723  |d 2723